| 000 | 00373nam a22001457a 4500 | ||
|---|---|---|---|
| 008 | 131129b xxu||||| |||| 00| 0 eng d | ||
| 041 | 0 | _aeng | |
| 080 | _a351.751 | ||
| 110 | _aWorl Press Freedom Review | ||
| 245 | 0 | 0 | _aIPI Report : |
| 260 | _c2004. | ||
| 300 |
_a323 f. : _bme il. ; _c30 cm. |
||
| 650 | 0 |
_aPaqja _xRaport |
|
| 942 |
_2udc _cBK |
||
| 999 |
_c380 _d380 |
||